000 00453nam a2200181Ia 4500
001 1947
005 20260306143806.0
008 260306t2009||||xx |||||||||||||| ||spa||
041 _aESP
082 _a158.39
_bK32
100 _aKeats, Daphne M.
_eAUT
245 0 _aEntrevista:
_bguía práctica para estudiantes y profesionales
260 _c2009
300 _a170 páginas :
_c23 cm.
650 _aGEN
654 _aCPS
942 _cLIB
_dJUS
_fJUS
_2ddc
_n
999 _c1947
_d1947